[Event "Malaga op-13"]
[Site "Malaga"]
[Date "2010.02.27"]
[Round "9.21"]
[White "Perera Borrego, Mariela"]
[Black "Lopez Gonzalez, Daniel"]
[Result "0-1"]
[WhiteElo "2065"]
[BlackElo "2202"]
[PlyCount "62"]
[EventDate "2010.02.20"]

1. d4 Nf6 2. Nf3 g6 3. c3 Bg7 4. Bg5 O-O 5. Nbd2 c5 6. dxc5 Na6 7. e4 Nxc5 8.
Qc2 d5 9. Bxf6 exf6 10. O-O-O Qb6 11. Nd4 Nxe4 12. Nxe4 dxe4 13. Qxe4 Bd7 14.
Bc4 Rac8 15. Bb3 a5 16. Bc2 f5 17. Qd5 Rfd8 18. Qb3 Qc5 19. h4 a4 20. Qb4 Qxb4
21. cxb4 Rc4 22. Ne2 Rdc8 23. Rd2 Rxb4 24. b3 axb3 25. axb3 Be6 26. Rhd1 Bf6
27. Rd6 Bxb3 28. R1d2 Rbc4 29. Rb6 Rxc2+ 30. Rxc2 Rxc2+ 31. Kd1 Ba4 0-1

[Event "Malaga op-13"]
[Site "Malaga"]
[Date "2010.02.27"]
[Round "9.22"]
[White "Picasso Gallego, Nicolas"]
[Black "Cardoso Garcia, Sergio"]
[Result "0-1"]
[WhiteElo "1974"]
[BlackElo "2125"]
[PlyCount "56"]
[EventDate "2010.02.20"]

1. d4 f5 2. c4 d6 3. Nf3 Nf6 4. Nc3 g6 5. Bf4 Bg7 6. g3 O-O 7. Bg2 c6 8. O-O
Qe8 9. Re1 Nh5 10. Bc1 e5 11. dxe5 dxe5 12. e4 f4 13. b4 Be6 14. c5 h6 15. Bb2
Bg4 16. h3 Bxf3 17. Bxf3 fxg3 18. fxg3 Nxg3 19. Kg2 Nh5 20. Bxh5 gxh5 21. Re3
Na6 22. a3 Rd8 23. Qe2 Nc7 24. Rf1 Ne6 25. Rxf8+ Qxf8 26. Kg1 Nf4 27. Qf3 Rd2
28. Bc1 Rc2 0-1

[Event "Malaga op-13"]
[Site "Malaga"]
[Date "2010.02.27"]
[Round "9.23"]
[White "Brown, David"]
[Black "Cisnero Alvarez, Juan Jose"]
[Result "0-1"]
[WhiteElo "1918"]
[BlackElo "2110"]
[PlyCount "92"]
[EventDate "2010.02.20"]

1. e4 g6 2. d4 Bg7 3. c3 d6 4. Nf3 Nf6 5. Bd3 O-O 6. O-O c5 7. dxc5 dxc5 8. Qe2
Qc7 9. a4 Nc6 10. Na3 a6 11. h3 e5 12. Be3 b6 13. Rfd1 Nh5 14. Rd2 Nf4 15. Bxf4
exf4 16. Rad1 Na5 17. Bc4 Nxc4 18. Nxc4 Rb8 19. Nd6 Be6 20. c4 h6 21. e5 Rfd8
22. Nh2 Qc6 23. b3 Rd7 24. Ng4 Rbd8 25. Ne4 Bxg4 26. hxg4 Rxd2 27. Rxd2 Rxd2
28. Nxd2 Qe6 29. Nf3 Qxg4 30. Qe4 a5 31. Qa8+ Kh7 32. Qb7 Qe6 33. Qc7 g5 34.
Qd6 g4 35. Nh4 Bxe5 36. Qd3+ Kg7 37. Nf5+ Kf6 38. Nxh6 Kg5 39. Ng8 Bd6 40. Qd2
Kg6 41. g3 Kg7 42. gxf4 Kxg8 43. f5 Qf6 44. Qd5 Qe5 45. Qa8+ Kg7 46. f6+ Qxf6
0-1

[Event "Malaga op-13"]
[Site "Malaga"]
[Date "2010.02.27"]
[Round "9.24"]
[White "James, David"]
[Black "Ladron De Guevara Pinto, Paolo"]
[Result "0-1"]
[WhiteElo "2110"]
[BlackElo "2079"]
[PlyCount "108"]
[EventDate "2010.02.20"]

1. Nf3 Nf6 2. c4 c5 3. Nc3 d5 4. cxd5 Nxd5 5. d4 Nxc3 6. bxc3 g6 7. e4 Bg7 8.
h3 O-O 9. Be2 Nc6 10. Be3 Qa5 11. O-O Rd8 12. d5 Ne5 13. Qc2 Nxf3+ 14. Bxf3 b6
15. Rac1 c4 16. Rfd1 {=} Bd7 17. Qb2 Rac8 18. Bd4 Ba4 19. Rd2 Bh6 20. Be3 Bxe3
21. fxe3 Qc5 22. Re1 Qd6 23. Rb1 Bd7 24. Qb4 Rc5 25. a4 Qg3 26. Rd4 Rdc8 27.
Ra1 Bxh3 28. a5 b5 29. Qb2 Bd7 30. Qf2 Qg5 31. Bd1 e5 32. Rd2 f5 33. Bc2 fxe4
34. Bxe4 Rf8 35. Qe1 Bf5 36. Bxf5 gxf5 37. Rad1 Rd8 38. d6 Rd7 39. Qf2 Rc6 40.
Qf3 e4 41. Qf2 Kf7 42. Rd5 Ke6 43. Rxb5 Rcxd6 44. Rxd6+ Rxd6 45. Qe2 Rd3 46.
Kf2 Qh4+ 47. Kg1 Qg3 48. Qh5 Qxe3+ 49. Kh1 Qe1+ 50. Kh2 Qg3+ 51. Kh1 Qg6 52.
Qh4 Rd2 53. Qh3 h5 54. Rb1 Qg4 0-1

[Event "Malaga op-13"]
[Site "Malaga"]
[Date "2010.02.27"]
[Round "9.26"]
[White "Charleshouse, Glenn L"]
[Black "Jimenez Ruiz, Jose Carlos"]
[Result "0-1"]
[WhiteElo "2203"]
[BlackElo "1979"]
[PlyCount "84"]
[EventDate "2010.02.20"]

1. e4 e6 2. d3 d5 3. Nd2 Nf6 4. Ngf3 c5 5. g3 Nc6 6. Bg2 Be7 7. O-O b5 8. Re1
a5 9. e5 Nd7 10. h4 Bb7 11. Nf1 h6 12. h5 b4 13. N1h2 a4 14. a3 Qc7 15. Bf4 c4
16. d4 bxa3 17. bxa3 c3 18. Re3 Na5 19. Nh4 Nc4 20. Rxc3 Ba6 21. Bc1 Qb6 22.
Qg4 Rg8 23. Qd1 Nb8 24. f4 Nc6 25. N2f3 g5 26. hxg6 fxg6 27. Kh2 Kd7 28. Bh3 g5
29. fxg5 hxg5 30. Nxg5 Bxg5 31. Bxe6+ Kc7 32. Bxg8 Rxg8 33. Qh5 Bxh4 34. Qf7+
Ne7 35. gxh4 Qxd4 36. Qxe7+ Kb8 37. Rb1+ Ka8 38. Bg5 Qxc3 39. Rf1 Qxc2+ 40. Kg1
Ne3 41. Rf8+ Bc8 42. Rf2 Qd1+ 0-1

[Event "Malaga op-13"]
[Site "Malaga"]
[Date "2010.02.27"]
[Round "9.27"]
[White "Anaya Lopez, Victor Jose"]
[Black "Navia Martin, Sergio"]
[Result "1-0"]
[WhiteElo "2157"]
[BlackElo "1953"]
[PlyCount "81"]
[EventDate "2010.02.20"]

1. e4 c5 2. Nf3 d6 3. d4 cxd4 4. Nxd4 Nf6 5. Nc3 a6 6. Bg5 e6 7. f4 Nc6 8. e5
dxe5 9. Nxc6 Qxd1+ 10. Rxd1 bxc6 11. fxe5 Nd5 12. Ne4 Be7 13. Bd2 Rb8 14. b3 f5
15. exf6 gxf6 16. Be2 h5 17. c4 Nb4 18. O-O f5 19. Bc3 O-O 20. Be5 Ra8 21. Nd6
Bf6 22. Bxf6 Rxf6 23. Rd2 a5 24. Bxh5 Rb8 25. Be8 Bb7 26. a3 Na6 27. Rf3 Nc5
28. b4 axb4 29. axb4 Na6 30. Nxb7 Rxb7 31. b5 cxb5 32. cxb5 Nc5 33. Bc6 Rb8 34.
Rd6 Kf7 35. Rc3 Na4 36. Rd7+ Kg8 37. Rg3+ Kf8 38. Rh3 Rb6 39. Ra7 Nc5 40. Rc3
Ne4 41. Bxe4 1-0

[Event "Malaga op-13"]
[Site "Malaga"]
[Date "2010.02.27"]
[Round "9.28"]
[White "Garzon Rodriguez, Jose Manuel"]
[Black "Medina Menendez, Eduardo Matias"]
[Result "1/2-1/2"]
[WhiteElo "1909"]
[BlackElo "2109"]
[PlyCount "125"]
[EventDate "2010.02.20"]

1. e4 d6 2. d4 Nf6 3. Bd3 e5 4. d5 Nbd7 5. Bg5 Be7 6. Bxf6 Bxf6 7. c4 g6 8. Ne2
O-O 9. Nbc3 Bg7 10. Qd2 f5 11. f3 Qh4+ 12. Kd1 Nc5 13. Ng3 Bh6 14. Qe2 a5 15.
Kc2 Bd7 16. b3 c6 17. Qe1 Rab8 18. Nxf5 Qxe1 19. Nxh6+ Kg7 20. Raxe1 Kxh6 21.
a3 g5 22. h3 Kg6 23. Be2 h5 24. Rd1 Rf6 25. Rd2 a4 26. Nxa4 Nxa4 27. bxa4 cxd5
28. cxd5 Bxa4+ 29. Kc3 Rc8+ 30. Kb4 Bd7 31. Rb1 Rc5 32. Rbb2 Rf8 33. Rdc2 Rfc8
34. Bd3 g4 35. fxg4 hxg4 36. hxg4 Kg5 37. Rxc5 dxc5+ 38. Ka5 c4 39. Bc2 b5 40.
Rxb5 Ra8+ 41. Kb4 Bxb5 42. Kxb5 Rxa3 43. Kxc4 Kf6 44. Bd1 Ke7 45. Bf3 Kd6 46.
g5 Ra4+ 47. Kd3 Kc5 48. g6 Ra3+ 49. Ke2 Kd4 50. d6 Ra2+ 51. Kf1 Ke3 52. Kg1 Ra8
53. d7 Kf4 54. Be2 Kg5 55. Ba6 Rd8 56. Bc8 Kxg6 57. Kf2 Kg5 58. Ke3 Kg4 59. Bb7
Kg3 60. Bc6 Kxg2 61. Kd3 Kf3 62. Kc4 Rxd7 63. Bxd7 1/2-1/2

[Event "Malaga op-13"]
[Site "Malaga"]
[Date "2010.02.27"]
[Round "9.29"]
[White "Penalonga Sweers, Angel"]
[Black "Anaya Lopez, Gonzalo Javier"]
[Result "0-1"]
[WhiteElo "2082"]
[BlackElo "1872"]
[PlyCount "60"]
[EventDate "2010.02.20"]

1. e4 e6 2. d4 d5 3. e5 c5 4. c3 Nc6 5. Nf3 Qb6 6. a3 Nh6 7. b4 cxd4 8. Bxh6
gxh6 9. cxd4 Bg7 10. Nc3 f6 11. Bd3 fxe5 12. dxe5 O-O 13. O-O Nxe5 14. Nxe5
Bxe5 15. Rc1 Rf7 16. Qe2 Bg7 17. Na4 Qd6 18. Bb1 b6 19. Qd3 Be5 20. f4 Bxf4 21.
Rcd1 Bd7 22. g3 Bxa4 23. Rxf4 Raf8 24. Rdf1 Qc7 25. b5 Rxf4 26. gxf4 Rf7 27.
Kh1 Rg7 28. Rc1 Qd7 29. Rc6 d4 30. Bc2 Qxc6+ 0-1

[Event "Malaga op-13"]
[Site "Malaga"]
[Date "2010.02.27"]
[Round "9.30"]
[White "Ladron De Guevara Pinto, Fermin"]
[Black "Diaz Begonte, Manuel"]
[Result "1-0"]
[WhiteElo "2044"]
[BlackElo "1820"]
[PlyCount "53"]
[EventDate "2010.02.20"]

1. d4 d5 2. Nf3 Nf6 3. e3 Bf5 4. Bd3 Bxd3 5. cxd3 e6 6. O-O c6 7. Nbd2 Be7 8.
Ne5 O-O 9. b3 Na6 10. Bb2 Nd7 11. f4 f6 12. Ng4 c5 13. Nf3 Rc8 14. Qe2 Qb6 15.
Rac1 Nb4 16. a3 Nc6 17. dxc5 Bxc5 18. b4 Bd6 19. Kh1 a5 20. bxa5 Nxa5 21. Nd4
e5 22. fxe5 fxe5 23. Rxc8 Rxc8 24. Nf5 Rf8 25. h3 h5 26. Nxe5 Bxe5 27. Ne7+ 1-0

[Event "Malaga op-13"]
[Site "Malaga"]
[Date "2010.02.27"]
[Round "9.31"]
[White "Ortega Gonzalez, Jose Luis"]
[Black "Ladron De Guevara Pinto, Miguel"]
[Result "0-1"]
[WhiteElo "1905"]
[BlackElo "2020"]
[PlyCount "52"]
[EventDate "2010.02.20"]

1. e4 c5 2. Nf3 d6 3. d4 cxd4 4. Nxd4 Nf6 5. Nc3 a6 6. Be2 e5 7. Nb3 Be6 8. Be3
Be7 9. Qd2 Nbd7 10. f3 b5 11. g4 Nb6 12. a3 O-O 13. Na5 Rc8 14. O-O d5 15. Nxd5
Nbxd5 16. exd5 Nxd5 17. Bf2 Nf4 18. Bd3 Bg5 19. Qb4 Nxd3 20. cxd3 Qxd3 21. Bb6
Rc2 22. Rf2 Rxf2 23. Bxf2 Qxf3 24. Qc3 Qxg4+ 25. Kf1 Bf4 26. Nc6 Bc4+ 0-1

[Event "Malaga op-13"]
[Site "Malaga"]
[Date "2010.02.27"]
[Round "9.32"]
[White "Ramos Guaz, Jose Manuel"]
[Black "Corrales Ibanez, Pedro Luis"]
[Result "1/2-1/2"]
[WhiteElo "1873"]
[BlackElo "2016"]
[PlyCount "34"]
[EventDate "2010.02.20"]

1. d4 d5 2. c4 c6 3. cxd5 cxd5 4. Nf3 Nf6 5. Nc3 Nc6 6. Bf4 Bf5 7. e3 e6 8. Bb5
Nd7 9. O-O a6 10. Bxc6 bxc6 11. Na4 c5 12. dxc5 Nxc5 13. Nxc5 Bxc5 14. Qa4+ Qd7
15. Qxd7+ Kxd7 16. Ne5+ Ke7 17. g4 Bg6 1/2-1/2

[Event "Malaga op-13"]
[Site "Malaga"]
[Date "2010.02.27"]
[Round "9.33"]
[White "Lopez Guerrero, Jose Miguel"]
[Black "Perez Guerra, Alberto"]
[Result "1-0"]
[WhiteElo "2001"]
[BlackElo "1670"]
[PlyCount "79"]
[EventDate "2010.02.20"]

1. c4 e5 2. Nc3 Nf6 3. g3 d5 4. cxd5 Nxd5 5. Bg2 Nb6 6. Nf3 Nc6 7. d3 Be7 8.
O-O O-O 9. h3 Be6 10. a4 a5 11. Be3 f6 12. Bxb6 cxb6 13. Nb5 Nb4 14. Nd2 Nd5
15. Nc4 Bc5 16. Rc1 Qd7 17. Kh2 Rac8 18. Nc3 Nxc3 19. Rxc3 Bd4 20. Rc1 Rc7 21.
Qb3 Rfc8 22. e3 Bc5 23. Rfd1 Qf7 24. Qb5 Bd7 25. Qb3 Be6 26. Qc2 Bb4 27. Qe2
Qe8 28. b3 b5 29. axb5 Qxb5 30. d4 exd4 31. Rxd4 Ba3 32. Rcd1 a4 33. Rd8+ Rxd8
34. Rxd8+ Bf8 35. Qd3 Qc5 36. Be4 f5 37. Bd5 Bxd5 38. Rxd5 Qb4 39. Rxf5 Qxb3
40. Qd5+ 1-0

[Event "Malaga op-13"]
[Site "Malaga"]
[Date "2010.02.27"]
[Round "9.35"]
[White "Nieto Asencio, Maria Del Carmen"]
[Black "Garcia Albarracin, Jose Antonio"]
[Result "1-0"]
[WhiteElo "1900"]
[BlackElo "2006"]
[PlyCount "58"]
[EventDate "2010.02.20"]

1. d4 Nf6 2. Nf3 g6 3. Nc3 Bg7 4. e4 d6 5. h3 O-O 6. Be3 c6 7. a4 Qa5 8. Qd2 b5
9. Bd3 b4 10. Na2 c5 11. e5 Nd5 12. Be4 cxd4 13. Bxd4 Nc6 14. exd6 Nxd4 15.
Nxd4 exd6 16. Nc6 Qxa4 17. Bxd5 Re8+ 18. Kf1 Ba6+ 19. Kg1 Re2 20. Qxb4 Qxc2 21.
Qf4 Rf8 22. Nab4 Qc5 23. Rxa6 Bh6 24. Qxh6 Qxf2+ 25. Kh2 Rfe8 26. Rxa7 R2e3 27.
Rg1 Qg3+ 28. Kh1 Re1 29. Rxf7 Qxg2+ 1-0

[Event "Malaga op-13"]
[Site "Malaga"]
[Date "2010.02.27"]
[Round "9.36"]
[White "Garcia Roman, Jose Luis Machado"]
[Black "Martin Carmona, Gaston"]
[Result "1-0"]
[WhiteElo "2003"]
[BlackElo "1887"]
[PlyCount "71"]
[EventDate "2010.02.20"]

1. b4 e5 2. Bb2 Bxb4 3. Bxe5 Nf6 4. Nf3 O-O 5. e3 Nc6 6. Bb2 d5 7. Be2 Bf5 8.
O-O Qd6 9. c3 Ba5 10. Ba3 Qe6 11. Bxf8 Rxf8 12. d3 Ne5 13. Nd4 Qd7 14. Nxf5
Qxf5 15. Qc2 Bb6 16. Nd2 Nfg4 17. Rac1 Nxf2 18. d4 Qxc2 19. Rxc2 Neg4 20. Rxf2
Nxf2 21. Kxf2 f5 22. g3 c5 23. Nf3 Re8 24. Bb5 Re7 25. c4 a6 26. Ba4 cxd4 27.
exd4 Re4 28. c5 Bc7 29. Bb3 Re7 30. Bxd5+ Kf8 31. Re2 Rxe2+ 32. Kxe2 b5 33. Bb7
a5 34. d5 Kf7 35. Nd4 Be5 36. Nxb5 1-0

[Event "Malaga op-13"]
[Site "Malaga"]
[Date "2010.02.27"]
[Round "9.37"]
[White "Moreno Alberti, Manuel Maria"]
[Black "Prieto Velasco, Rafael"]
[Result "1-0"]
[WhiteElo "1971"]
[BlackElo "1768"]
[PlyCount "89"]
[EventDate "2010.02.20"]

1. e4 e6 2. d4 d5 3. e5 c5 4. c3 Nc6 5. Nf3 Qb6 6. a3 Nh6 7. b4 cxd4 8. Bxh6
gxh6 9. cxd4 Bd7 10. Nc3 Nxb4 11. Be2 Qc7 12. Nb5 Bxb5 13. Bxb5+ Nc6 14. O-O
Bg7 15. Qc2 O-O 16. Rac1 Rac8 17. Rfe1 Qd8 18. Qd3 Ne7 19. h4 Rxc1 20. Rxc1 Nf5
21. g3 h5 22. Qd2 Bh6 23. Ng5 f6 24. exf6 Qxf6 25. Rd1 a6 26. Ba4 Rc8 27. Bd7
Rc6 28. Bxc6 bxc6 29. Qf4 Bg7 30. Rb1 h6 31. Rb8+ Bf8 32. Nf3 Kg7 33. Qc7+ Be7
34. Qc8 Bf8 35. Rb7+ Kg8 36. Qxc6 Ne7 37. Qc3 Nf5 38. Ne5 Nd6 39. Rb8 Qe7 40.
Ng6 Qa7 41. Rxf8+ Kg7 42. Qf3 Nf5 43. Rxf5 exf5 44. Qxf5 Qxd4 45. Ne5 1-0

[Event "Malaga op-13"]
[Site "Malaga"]
[Date "2010.02.27"]
[Round "9.38"]
[White "Jurado Vazquez, Javier"]
[Black "Molina Mataran, Manuel"]
[Result "1-0"]
[WhiteElo "1850"]
[BlackElo "1962"]
[PlyCount "50"]
[EventDate "2010.02.20"]

1. e4 e5 2. Nf3 Nc6 3. Nc3 Nf6 4. d4 exd4 5. Nxd4 Nxd4 6. Qxd4 d6 7. Bg5 Be7 8.
O-O-O O-O 9. Bc4 a6 10. e5 c5 11. Qh4 b5 12. exf6 gxf6 13. Bh6 Kh8 14. Bxf8
Qxf8 15. Bd5 b4 16. Bxa8 bxc3 17. Rhe1 Be6 18. Bd5 f5 19. Qh5 Qd8 20. Bxe6 fxe6
21. Rxe6 Bg5+ 22. Kb1 Qb6 23. Re8+ Kg7 24. Qxg5+ Kf7 25. Re7+ Kf8 1-0

[Event "Malaga op-13"]
[Site "Malaga"]
[Date "2010.02.27"]
[Round "9.40"]
[White "Bolle, Leendert J.M"]
[Black "Alba Atencia, Jose Antonio"]
[Result "0-1"]
[WhiteElo "1948"]
[BlackElo "1745"]
[PlyCount "107"]
[EventDate "2010.02.20"]

1. e4 c5 2. Nf3 Nc6 3. d4 cxd4 4. Nxd4 Nf6 5. Nc3 e5 6. Ndb5 d6 7. Nd5 Nxd5 8.
exd5 Nb8 9. Qf3 Be7 10. Qa3 a6 11. Bd2 O-O 12. Bb4 Bf5 13. Nxd6 Bxd6 14. Bxd6
Re8 15. O-O-O Nd7 16. Bb4 Rc8 17. Rd2 Qg5 18. Qe3 Qg6 19. c3 b5 20. h3 Qb6 21.
Qxb6 Nxb6 22. b3 Nd7 23. g4 Be4 24. Rg1 h6 25. Rg3 Nf6 26. d6 Bc6 27. Bg2 Bxg2
28. Rxg2 Nd7 29. f3 Ra8 30. Ba5 Rec8 31. Kb2 f6 32. h4 Kf7 33. h5 Rc6 34. Rge2
Ke6 35. Bc7 Rc8 36. f4 Rc5 37. f5+ Kf7 38. Rc2 Ke8 39. c4 bxc4 40. Rxc4 Rxc4
41. bxc4 Nc5 42. Kc3 Kd7 43. Kb4 Kc6 44. Rd2 e4 45. Rd5 Nd7 46. Ra5 Kb7 47. Ra3
Re8 48. Re3 Kc6 49. Kc3 Nc5 50. Kd4 Ra8 51. Ba5 Rb8 52. d7 Nxd7 53. Rxe4 Ne5
54. Bc3 0-1

[Event "Malaga op-13"]
[Site "Malaga"]
[Date "2010.02.27"]
[Round "9.43"]
[White "Anillo Fernandez, Isabel Maria"]
[Black "Yanez Acin, Gonzalo"]
[Result "1/2-1/2"]
[WhiteElo "1453"]
[BlackElo "1910"]
[PlyCount "30"]
[EventDate "2010.02.20"]

1. e4 e5 2. Nf3 Nc6 3. d4 exd4 4. Nxd4 Bc5 5. Be3 Qf6 6. c3 d6 7. Be2 Bd7 8.
O-O Bb6 9. Qd2 Qg6 10. Bf3 Ne5 11. Qe2 Nf6 12. Nd2 O-O 13. Bf4 Nxf3+ 14. N4xf3
Rae8 15. e5 Nh5 1/2-1/2